000 00612nam a2200229Ia 4500
003 OSt
005 20221007073017.0
006 a|||||r|||| 00| 0
007 ta
008 221006b |||||||| |||| 00| 0 eng d
024 _a26,097
037 _cTextual
040 _aFLL
_cFLL
_beng
041 _2eng
_aeng
082 _aV2:1:N3, G1
100 _aHolderness T.W.
_9408273
245 0 _aPeoples & problems of India
260 _aLondon
_bThornton Butterworth Ltd. England
_c1931
300 _a253p
_ccm.
942 _hV2:1:N3, G1
_cTEXL
_2CC
999 _c1147464
_d1147464